El Derecho deportivo: entre el servicio pb︢lico y el mercado

Bibliographic Details
Main Author: Lora-Tamayo Vallv,̌ Marta
Format: Book
Language:Spanish
Published: Madrid : Dykinson, cop. 2003
Series:Coleccin̤ Derecho Deportivo; 1
Subjects:
Online Access:Acceso restringido

MARC

LEADER 00000nam a2200000 a 4500
005 20111212122640.0
007 cr|||| ||||
008 031204s2003 sp |||||| 000 ||spa|c
017 |a DL SE. 3049-2003 
020 |a 8497721756 
035 |a 5930 
040 |a vLex 
090 |c 2820  |d 2820 
100 1 |a Lora-Tamayo Vallv,̌ Marta 
245 1 3 |a El Derecho deportivo: entre el servicio pb︢lico y el mercado   |h [Recurso electrn̤ico] /  |c Marta Lora-Tamayo Vallv̌ 
256 |a Servicio en ln̕ea 
260 |a Madrid :  |b Dykinson,  |c cop. 2003 
300 |a 1 recurso electrn̤ico 
490 0 |a Coleccin̤ Derecho Deportivo;  |v 1 
500 |a El tt̕ulo de la obra “El derecho deportivo entre el servicio pb︢lico y el mercado”, es muestra de la encrucijada en la que se encuentran actualmente tanto las instancias deportivas, las administraciones pb︢licas, las federaciones, como el movimiento deportivo, y en el que el trasfondo no es otro que la tensin̤ y la pugna de dos modelos, el modelo continental de organizacin̤ pb︢lica y fomento del deporte y el modelo norteamericano y anglosajn̤ competitivo y privado, y que en un mundo globalizado en el que el deporte se ha transformado en cultura universal es cada vez ms̀ difc̕il que las estructuras tradicionales resistan a la imparable extensin̤ y consolidacin̤ del deporte como un mercado, como un espectc̀ulo de masas, perdiňdose, y este es uno de los grandes peligros, la esencia misma de la actividad deportiva que es su vertiente social, educativa, formadora, el deporte como complemento indispensable de la persona. 
504 |a Bibliografa̕ 
506 1 |a Contenido solo disponible en los productos indicados  |d vLex Global   |d vLex Global (Academic Edition, excluding Law Schools)   |d vLex Global (U.S. Academic Edition, Law Schools)   |d vLex Global (U.S. Academic Edition, excluding Law Schools)   |d vLex Global (Academic Edition, Law Schools)  
650 0 4 |a Deportes  |x Derecho  |z Espaą 
740 0 |a vLex Libros (Servicio en ln̕ea) 
856 4 0 |u http://vlex.com/source/derecho-deportivo-servicio-publico-mercado-5930  |z Acceso restringido 
942 |c BOOK 
999 0 |a Public law 
999 0 |a Sports